000 00571cam a22001937a 4500
001 002320
003 armpunfd
005 20140612090704.0
008 100531e0####xx#a##########000#0#und#d
040 _aarmpunfd
_carmpunfd
080 _a347.921 C 673
100 1 0 _a Costantino Juan Antonio
245 1 0 _aLa representacion procesal y el gestor
260 _a Uenos Aires : Rubinzal Culzoni
_b1997. Isbn: 950-727-125-2. 174 P.
650 7 _a Derecho Procesal Civil
_2LEMB
650 7 _a Gestor Procesal
_2LEMB
942 _cLB
_2cdu
945 _aCatalis
_d2010-08-19
999 _c2310
_d232814